000 00298nam a2200121Ia 4500
008 240731s9999 xx 000 0 und d
022 _a1743-9558
245 0 _aSmall Wars & Insurgencies
260 _bRoutledge
856 _uhttps://www.tandfonline.com/loi/fswi20
942 _2ddc
942 _cTFEJ
999 _c79406
_d79406
945 _a1
_bMadushi Gamage
_c1
_dMadushi Gamage